Loading...
| Mythology | 0 | 10 | 0 | 1 | 100 | 69 | 93.30 | 5 | 9 | 0.00 | 0.00 |
| Literature - European | 0 | 6 | 1 | 2 | 55 | 94 | 113.83 | 3 | 5 | 0.00 | 0.00 |
| Literature - American | 0 | 4 | 1 | 1 | 35 | 66 | 106.00 | 1 | 2 | 0.00 | 0.00 |
| Literature - World | 0 | 4 | 1 | 0 | 35 | 13 | 91.00 | 1 | 4 | 0.00 | 0.00 |
| Fine Arts - Classical Music | 0 | 3 | 0 | 1 | 30 | 112 | 126.00 | 1 | 2 | 0.00 | 0.00 |
| Science - Biology | 0 | 3 | 1 | 0 | 25 | 89 | 95.00 | 0 | 3 | 0.00 | 0.00 |
| Fine Arts - Painting and Sculpture | 0 | 2 | 0 | 1 | 20 | 134 | 134.50 | 0 | 0 | 0.00 | 0.00 |
| Literature - British | 0 | 2 | 0 | 0 | 20 | 112 | 122.50 | 0 | 2 | 0.00 | 0.00 |
| Science - Chemistry | 0 | 2 | 1 | 1 | 15 | 108 | 114.50 | 0 | 1 | 0.00 | 0.00 |
| Science - Physics | 0 | 1 | 0 | 0 | 10 | 122 | 122.00 | 0 | 0 | 0.00 | 0.00 |
| Social Science | 0 | 1 | 0 | 0 | 10 | 114 | 114.00 | 1 | 1 | 0.00 | 0.00 |
| History - European | 0 | 1 | 0 | 0 | 10 | 88 | 88.00 | 0 | 0 | 0.00 | 0.00 |
| Fine Arts - Other | 0 | 1 | 0 | 0 | 10 | 132 | 132.00 | 0 | 0 | 0.00 | 0.00 |
| Religion | 0 | 1 | 0 | 0 | 10 | 119 | 119.00 | 0 | 1 | 0.00 | 0.00 |